Guess the Symbol flags - Statistics

General Stats
  • This quiz has been taken 6 times
  • The average score is 4 of 15
Answer Stats
Symbol: Answer % Correct
Canada Maple leaf
100%
Israel Star of david
100%
Saudi arabia Sahada
40%
United states 50 Stars
20%
Australia 6 Stars
20%
Cambodia Castle place
20%
Tunisia Cresent moonStar
20%
Turkey Cresent moonStar
20%
Malaysia Cresent moonYellow Star
20%
Democratic Congo Star
20%
Ethiopia Star Line
20%
Papua New guinea 5 Stars
0%
Brazil All of starOrdem e progesso
0%
Egypt BirdArabic text
0%
Nepal Cresent moon/2 Stars
0%
No matching quizzes found
Score Distribution
Percent of People with Each Score
Percentile by Number Answered
Your Score History
You have not taken this quiz